|
|
|
|
| LEADER |
03046nam a2200481 a 4500 |
| 001 |
000000273 |
| 005 |
20150713095227.0 |
| 008 |
050727s1716 xo e lat |
| FMT |
|
|
|
| 040 |
|
|
|a SVKKK
|b slo
|c SVKKK
|e AACR2
|
| 041 |
0 |
|
|a lat
|
| 044 |
|
|
|a xo
|c SK
|
| 080 |
|
|
|a 232
|
| 100 |
1 |
|
|a Fóriš - Otrokóci, František,
|d 1648-1718
|4 aut
|
| 245 |
1 |
0 |
|a Princeps Nadib Christus :
|b In Suis Principibus. Seu, Tractatus, Quô, ex Isaiae Cap. 32. V. 8. Explicato, Ostenditur, Christum Dominum, ut Summum Principem, Nadib per Isaiani dictum, ultimis hisce temporibus suscitaturum tales Populi sui eximios Principes & Ductores utriusque Status, quos ipse plené inhabitabit, per Eosdem[...]e Magnifica & Principe Digna [...]get in Populi sui Bonum Et quód inter eos, Prim[...]us erit Pastor Ecclesiae Visibilis; Sub quo, juxta Joan. 10. V. 16. (sensu pleniori) Unum Ovile futurum est. Exaltationi gloriosae Piorum Principum Utriusque Status, ac verae emendationi & correctioni Populi Christiani maturandae & promovendae inserviens. Studio (et) labore Francisci Foris Otrokocsi, SS. Theol. Phil. & Jur. U. Doctoris minimi.
|
| 260 |
|
|
|a Tyrnaviae :
|b Typis Academicis, per Frider. Gall,
|c 1716
|
| 300 |
|
|
|a [32],137,[7] s. */8-**/8,A/8-I/8 [=88] list.
|c 8°. 15x9 cm
|
| 500 |
|
|
|a Linky ozdobné, linky, inic. s ornam. pozadím vo voľ. priestore na 3, 4 r., verz. vo voľ. priestore na 2 r., kustódy, tlač. pozn. pod textom v lat. jaz.
|
| 504 |
|
|
|a Na zl. I/5b-I/8 predmetový a menný register.
|
| 508 |
|
|
|a Na zl. */2-**/1 ded. autora pápežovi Klementovi XI. Na zl. **/2-**/7a úvod autora. Na zl. **/7b-**/8 imprimatur od Venantia, B. Puzzolusa, kapuánskeho arcibiskupa Nicolausa, G. Selleriho a G. Serdaheliho.
|
| 510 |
4 |
|
|a Petrik II/955; Hanakovič II/884.
|
| 561 |
|
|
|a Peč.: Štátna vedecká knižnica v Košiciach; K. K Rechtsakad. Bibliothek In Kaschau. Tlač. exlibris: Kassai királyi jogakademia Könyvtára Szekrény szám VI Osztalyzat b. Rkp.: Collegij Cassoviensis Soc. Jesu Catalogo inscri 1717.
|
| 563 |
|
|
|a Lepenka, červený papier so zlát. ornam. výzdobou, chrbát a rohy pergamen.
|
| 653 |
1 |
|
|a teológia
|
| 653 |
1 |
|
|a kristológia
|
| 700 |
0 |
|
|a Venantianus a Sanctissima Trinitate
|4 cns
|
| 700 |
1 |
|
|a Fóriš - Otrokóci, František,
|d 1648-1718
|4 dto
|4 aui
|
| 700 |
0 |
|
|a Klement,
|b XI.,
|c pápež
|d 1700-1721
|4 dte
|
| 700 |
0 |
|
|a Nicolaus,
|c arcibiskup kapuánsky
|4 lso
|
| 700 |
1 |
|
|a Puzzolus, Bernardus
|4 lso
|
| 700 |
1 |
|
|a Selleri, Gregorio
|c kardinál
|d 1654-1729
|4 lso
|
| 700 |
1 |
|
|a Serdaheli, Gabriel,
|d 1660-1726
|4 lso
|
| 710 |
0 |
|
|a Akademická tlačiareň - Gall, Fridrich Arnold
|c Trnava
|d 1715-1731
|4 prt
|
| 710 |
0 |
|
|a knižnice - Knižnica Právnickej akadémie
|c Košice
|4 sgn
|
| 752 |
|
|
|a Slovensko
|d Trnava
|
| 852 |
|
|
|p B 492 PA
|
| 904 |
|
|
|a acf-y----aa------yyyb-1001--
|
| 905 |
|
|
|a afga0bb-
|
| 910 |
|
|
|a svkkk
|
| 997 |
|
|
|a Foris Otrokocsi, Franciscus p. Fóriš - Otrokóci, František
|4 aut
|
| 997 |
|
|
|a Szerda-helyi, Gabriel p. Serdaheli, Gabriel
|4 lso
|
| 998 |
|
|
|a TRNTL
|
| BAS |
|
|
|